| 000 | 00000nam 2200000zi 4500 |
| 001 | 9.924155 |
| 003 | CaOODSP |
| 005 | 20240124153118 |
| 006 | m o d f |
| 007 | cr |n||||||||| |
| 008 | 230620e202306##onc ob f|0| 0 fre d |
| 040 | |aCaOODSP|bfre|erda|cCaOODSP |
| 043 | |an-cn--- |
| 086 | 1 |aXC79-1/1-441-5F-PDF |
| 110 | 1 |aCanada. |bParlement. |bChambre des communes. |bComité permanent de la science et de la recherche, |eauteur, |eorganisme de publication. |
| 245 | 13|aUn nouvel élan à la recherche et la publication scientifique en français au Canada / |cle président, Lloyd Longfield. |
| 264 | 1|a[Ottawa] : |bChambre des communes, Canada = House of Commons, Canada, |cjuin 2023. |
| 300 | |a1 ressource en ligne (viii, 73 pages). |
| 336 | |atexte|btxt|2rdacontent/fre |
| 337 | |ainformatique|bc|2rdamedia/fre |
| 338 | |aressource en ligne|bcr|2rdacarrier/fre |
| 490 | 1 |aRapport du ComiteĢ permanent de la science et de la recherche ; |v5e rapport, 44e législature, 1re session |
| 500 | |aPublié aussi en anglais sous le titre : Revitalizing research and scientific publication in French in Canada. |
| 500 | |aDate originale de publication : 2023/06/15. Republié : 2023/10/18. |
| 504 | |aComprend des références bibliographiques. |
| 650 | 6|aRecherche|xPolitique gouvernementale|zCanada. |
| 650 | 6|aFrançais (Langue)|xPolitique gouvernementale|zCanada. |
| 700 | 1 |aLongfield, Lloyd. |
| 775 | 08|tRevitalizing research and scientific publication in French in Canada / |w(CaOODSP)9.924151 |
| 830 | #0|aRapport du Comité permanent de la science et de la recherche ;|v5e rapport, 44e législature, 1re session.|w(CaOODSP)9.912113 |
| 856 | 40|qPDF|s3.47 Mo|uhttps://publications.gc.ca/collections/collection_2023/parl/xc79-1/XC79-1-1-441-5-fra.pdf |